[Event "Karlsruhe Grenke op"]
[Site "Karlsruhe"]
[Date "2025.04.20"]
[Round "6"]
[White "Terekhov, Andrey"]
[Black "Schlosser, Philipp"]
[Result "1/2-1/2"]
[WhiteElo "2289"]
[BlackElo "2481"]
[PlyCount "66"]
[EventDate "2025.04.17"]
[EventType "swiss"]
[EventRounds "9"]
[EventCountry "GER"]
[SourceTitle "CB17_2025"]
[SourceDate "2025.04.23"]
[SourceVersion "1"]
[SourceVersionDate "2025.04.23"]
[SourceQuality "1"]

1. d4 d6 2. Nf3 Bg4 3. e4 Nf6 4. Nc3 e6 5. h3 Bh5 6. g4 Bg6 7. Qe2 c6 8. h4 h5 9. g5 Nfd7 10. d5 cxd5 11. exd5 e5 12. Bh3 Be7 13. 0-0 0-0 14. Ne1 f6 15. Ne4 f5 16. Ng3 f4 17. Ne4 Na6 18. Nd3 Rc8 19. f3 Nb6 20. Rd1 Bf7 21. Nxe5 dxe5 22. d6 Rc6 23. dxe7 Qxe7 24. b3 Be6 25. Bxe6+ Rxe6 26. a4 Rd8 27. Ba3 Rxd1+ 28. Qxd1 Qe8 29. Qd3 Nb8 30. a5 Nc8 31. Rd1 Nc6 32. Qd5 Kh7 33. c3 Qg6 1/2-1/2

[Event "Cappelle op 41st"]
[Site "Cappelle la Grande"]
[Date "2025.02.17"]
[Round "4"]
[White "Sorensen, Hampus"]
[Black "Terekhov, Andrey"]
[Result "1-0"]
[WhiteElo "2430"]
[BlackElo "2265"]
[PlyCount "141"]
[EventDate "2025.02.15"]
[EventType "swiss"]
[EventRounds "9"]
[EventCountry "FRA"]
[SourceTitle "CB09_2025"]
[SourceDate "2025.02.27"]
[SourceVersion "1"]
[SourceVersionDate "2025.02.27"]
[SourceQuality "1"]

1. e4 e5 2. Nf3 Nf6 3. Nxe5 d6 4. Nf3 Nxe4 5. Bd3 Nf6 6. 0-0 Be7 7. h3 0-0 8. c3 h6 9. Bc2 c5 10. d4 Be6 11. Nbd2 Nc6 12. Ne4 Bc4 13. Re1 cxd4 14. Nxd4 Re8 15. Nxc6 bxc6 16. Bxh6 gxh6 17. Nxf6+ Bxf6 18. Qg4+ Bg7 19. Qxc4 Qb6 20. Bb3 d5 21. Qf4 a5 22. Rab1 a4 23. Bxa4 Rxe1+ 24. Rxe1 Qxb2 25. Bxc6 Rd8 26. Qc7 Rf8 27. Re3 Qxa2 28. Rg3 Qb1+ 29. Kh2 Qf5 30. Qd6 Kh8 31. f4 Rc8 32. Bxd5 Rxc3 33. Rxc3 Bxc3 34. Qxh6+ Kg8 35. Qd6 Kg7 36. g3 Bd4 37. Bg2 Qd3 38. Qd5 Qd1 39. Qg5+ Kf8 40. Qd8+ Kg7 41. Qg5+ Kf8 42. h4 Bg7 43. Qc5+ Kg8 44. Qc8+ Bf8 45. Qc4 Qh5 46. Bd5 Be7 47. Qe4 Bf6 48. Kh3 Kg7 49. Bc4 Qg6 50. Qd5 Be7 51. Bd3 Qh6 52. Kg2 Kf8 53. Kf3 Kg7 54. Bc4 Qf6 55. h5 Qc3+ 56. Kg4 Qf6 57. Bb3 Bd6 58. Qc4 Be7 59. Kf3 Ba3 60. g4 Bb2 61. h6+ Kf8 62. Qc8+ Ke7 63. Qb7+ Kf8 64. g5 Qe7 65. Qb8+ Qe8 66. Qxe8+ Kxe8 67. f5 Kf8 68. f6 Kg8 69. Bxf7+ Kxf7 70. h7 Bxf6 71. gxf6 1-0

[Event "Cappelle op 41st"]
[Site "Cappelle la Grande"]
[Date "2025.02.16"]
[Round "2"]
[White "Bournel, Antoine"]
[Black "Terekhov, Andrey"]
[Result "1/2-1/2"]
[WhiteElo "2432"]
[BlackElo "2265"]
[PlyCount "43"]
[EventDate "2025.02.15"]
[EventType "swiss"]
[EventRounds "9"]
[EventCountry "FRA"]
[SourceTitle "CB09_2025"]
[SourceDate "2025.02.27"]
[SourceVersion "1"]
[SourceVersionDate "2025.02.27"]
[SourceQuality "1"]

1. e4 e5 2. Nf3 Nf6 3. Nxe5 d6 4. Nf3 Nxe4 5. c4 Nc6 6. Nc3 Nxc3 7. dxc3 g6 8. Bg5 Be7 9. Bh6 Bf8 10. Bg5 Be7 11. Bh6 Bf8 12. Bf4 Bg7 13. Qd2 Be6 14. Ng5 Bg4 15. f3 Qe7+ 16. Be2 Bf5 17. g4 Bd7 18. 0-0-0 h6 19. Ne4 0-0-0 20. Rhe1 f5 21. gxf5 Bxf5 22. Bf1 1/2-1/2

[Event "French Rapid op"]
[Site "Saint Maur des Fosses"]
[Date "2024.06.15"]
[Round "3"]
[White "Yuffa, Daniil"]
[Black "Terekhov, Andrey"]
[Result "1-0"]
[WhiteElo "2609"]
[BlackElo "2260"]
[PlyCount "59"]
[EventDate "2024.06.15"]
[EventType "swiss (rapid)"]
[EventRounds "9"]
[EventCountry "FRA"]
[SourceTitle "CBM 220 Extra"]
[Source "ChessBase"]
[SourceDate "2024.07.31"]
[SourceVersion "1"]
[SourceVersionDate "2024.07.31"]
[SourceQuality "1"]

1. d4 d5 2. c4 e6 3. Nf3 a6 4. g3 dxc4 5. Bg2 Nc6 6. 0-0 Rb8 7. b3 cxb3 8. Qxb3 Nf6 9. Rd1 Be7 10. Nc3 0-0 11. e4 b5 12. d5 exd5 13. e5 Be6 14. exf6 Bxf6 15. Qc2 Nb4 16. Qd2 c5 17. Ba3 Qa5 18. Bb2 Rbd8 19. Ng5 Bg4 20. Nxd5 Bxd1 21. Nxf6+ gxf6 22. Qc3 Qb6 23. Ne4 Nd5 24. Qc1 f5 25. Nf6+ Nxf6 26. Qg5+ Kh8 27. Bxf6+ Qxf6 28. Qxf6+ Kg8 29. Qxf5 Bh5 30. Qxh5 1-0

[Event "Pays de Bray 1st"]
[Site "Gournay en Bray"]
[Date "2023.05.18"]
[Round "6"]
[White "Terekhov, Andrey"]
[Black "Dgebuadze, Alexandre"]
[Result "0-1"]
[WhiteElo "2314"]
[BlackElo "2435"]
[PlyCount "112"]
[EventDate "2023.05.14"]
[EventType "tourn"]
[EventRounds "9"]
[EventCountry "FRA"]
[EventCategory "4"]
[SourceTitle "CBM 214 Extra"]
[Source "ChessBase"]
[SourceDate "2023.07.31"]
[SourceVersion "1"]
[SourceVersionDate "2023.07.31"]
[SourceQuality "1"]

1. d4 Nf6 2. Nf3 e6 3. c4 Bb4+ 4. Nbd2 b6 5. a3 Bxd2+ 6. Qxd2 Bb7 7. e3 Nc6 8. b4 Ne7 9. Be2 0-0 10. 0-0 d6 11. Qc2 h6 12. Bb2 Be4 13. Qc3 c6 14. a4 a6 15. Nd2 Bg6 16. f3 Qd7 17. e4 Rfd8 18. Rfd1 d5 19. Qe3 Qb7 20. Bc3 b5 21. c5 dxe4 22. Nxe4 Ned5 23. Nxf6+ Nxf6 24. Be1 Bc2 25. axb5 axb5 26. Rdc1 Nd5 27. Qd2 Bg6 28. Qb2 Qe7 29. Rxa8 Rxa8 30. Ra1 Rxa1 31. Qxa1 Qg5 32. Qb2 Ne3 33. g3 Nc2 34. f4 Qd5 35. Bf2 Be4 36. h3 h5 37. Bf1 Qf5 38. Qc3 h4 39. Kh2 hxg3+ 40. Bxg3 Qh5 41. Bf2 Nxb4 42. Qxb4 Qf3 43. Qe1 b4 44. Qe2 Qh1+ 45. Kg3 b3 46. d5 b2 47. Qxb2 Qxf1 48. dxe6 Qg2+ 49. Kh4 f6 50. Qd2 Bf5 51. Qe3 Kh7 52. Qg3 g5+ 53. Kh5 Qd5 54. fxg5 Qd1+ 55. Kh4 Qa4+ 56. Kh5 Bg6# 0-1

[Event "Basel Easter op"]
[Site "Basel"]
[Date "2023.04.10"]
[Round "9"]
[White "Terekhov, Andrey"]
[Black "Hovsepyan, Vardan"]
[Result "1/2-1/2"]
[WhiteElo "2306"]
[BlackElo "2253"]
[PlyCount "121"]
[EventDate "2023.04.06"]
[EventType "swiss"]
[EventRounds "9"]
[EventCountry "SUI"]
[SourceTitle "CBM 213 Extra"]
[Source "ChessBase"]
[SourceDate "2023.05.31"]
[SourceVersion "1"]
[SourceVersionDate "2023.05.31"]
[SourceQuality "1"]

1. d4 d5 2. Nf3 Nf6 3. c4 dxc4 4. e3 e6 5. Bxc4 c5 6. 0-0 a6 7. Be2 Nc6 8. dxc5 Qxd1 9. Rxd1 Bxc5 10. a3 Ke7 11. b4 Ba7 12. Bb2 Bd7 13. Nbd2 Rhc8 14. Nc4 Nd8 15. Bd4 Bxd4 16. Nxd4 Nd5 17. e4 Nc3 18. Rdc1 Nxe4 19. Nb6 Rxc1+ 20. Rxc1 Rb8 21. Bf3 Nf6 22. a4 Ne8 23. b5 axb5 24. axb5 e5 25. Re1 f6 26. Nxd7 Kxd7 27. Nb3 b6 28. Bg4+ Kd6 29. Rd1+ Ke7 30. Rd7+ Kf8 31. Nd2 Ra8 32. Nc4 Ra1+ 33. Rd1 Rxd1+ 34. Bxd1 Nc7 35. Nxb6 Nxb5 36. h4 Ne6 37. Bc2 h6 38. g3 Nbd4 39. Bg6 Ke7 40. Nd5+ Kd6 41. Ne3 Kc5 42. Kg2 Nc7 43. Be4 Ncb5 44. Bd3 Nc3 45. Bg6 Nd5 46. Nf1 Kb4 47. Nd2 Ne7 48. Bf7 Kc3 49. Ne4+ Kd3 50. Nd6 g5 51. h5 f5 52. Bg6 e4 53. Nf7 Ng8 54. g4 f4 55. Ne5+ Ke2 56. Bxe4 Nf6 57. Bd3+ Kd2 58. Bc4 Kc3 59. Ba6 f3+ 60. Nxf3 Nxh5 61. gxh5 1/2-1/2

[Event "Basel Easter op"]
[Site "Basel"]
[Date "2023.04.09"]
[Round "7"]
[White "Terekhov, Andrey"]
[Black "Toktomushev, Teimur"]
[Result "1/2-1/2"]
[WhiteElo "2306"]
[BlackElo "2252"]
[PlyCount "63"]
[EventDate "2023.04.06"]
[EventType "swiss"]
[EventRounds "9"]
[EventCountry "SUI"]
[SourceTitle "EXT 2024"]
[Source "ChessBase"]
[SourceDate "2023.10.10"]
[SourceVersion "1"]
[SourceVersionDate "2023.10.10"]
[SourceQuality "1"]

1. d4 d5 2. c4 e6 3. Nc3 Nf6 4. cxd5 exd5 5. Bg5 c6 6. e3 Be7 7. Bd3 Nbd7 8. Nge2 Nh5 9. Bxe7 Qxe7 10. Qd2 g6 11. 0-0 0-0 12. f3 Nb6 13. Rae1 Be6 14. e4 dxe4 15. fxe4 Rad8 16. h3 Nc4 17. Bxc4 Bxc4 18. Rf3 Rd7 19. b3 Bxe2 20. Rxe2 Rfd8 21. d5 Qe5 22. Qe3 a6 23. Ref2 Re8 24. dxc6 bxc6 25. Qb6 Ng3 26. Qxc6 Rde7 27. Qd5 Nxe4 28. Qxe5 Rxe5 29. Nxe4 Rxe4 30. Rf6 a5 31. R6f4 Re1+ 32. Rf1 1/2-1/2

[Event "Noisiel op 8th"]
[Site "Noisiel"]
[Date "2023.02.19"]
[Round "2"]
[White "Toure, Vasanth"]
[Black "Terekhov, Andrey"]
[Result "1/2-1/2"]
[WhiteElo "2151"]
[BlackElo "2336"]
[PlyCount "59"]
[EventDate "2023.02.18"]
[EventType "swiss"]
[EventRounds "9"]
[EventCountry "FRA"]
[SourceTitle "CBM 212 Extra"]
[Source "ChessBase"]
[SourceDate "2023.03.31"]
[SourceVersion "1"]
[SourceVersionDate "2023.03.31"]
[SourceQuality "1"]

1. e4 c5 2. Nf3 e6 3. d4 cxd4 4. Nxd4 Nc6 5. Nc3 Qc7 6. Be3 a6 7. g4 Nxd4 8. Qxd4 b5 9. 0-0-0 Bb7 10. Kb1 Nf6 11. f3 h6 12. h4 Rc8 13. Bd3 Bc5 14. Qxc5 Qxc5 15. Bxc5 Rxc5 16. Ne2 e5 17. Ng3 g6 18. h5 Ng8 19. g5 Kf8 20. hxg6 fxg6 21. b4 Rc7 22. f4 exf4 23. Ne2 Kg7 24. Nxf4 hxg5 25. Rxh8 Kxh8 26. Nxg6+ Kg7 27. Ne5 Nf6 28. Re1 d5 29. exd5 Nxd5 30. Ng6 1/2-1/2

[Event "Vandoeuvre op 19th"]
[Site "Vandoeuvre"]
[Date "2022.12.18"]
[Round "2"]
[White "Solodovnichenko, Yuri"]
[Black "Terekhov, Andrey"]
[Result "0-1"]
[WhiteElo "2522"]
[BlackElo "2296"]
[PlyCount "64"]
[EventDate "2022.12.18"]
[EventType "swiss"]
[EventRounds "9"]
[EventCountry "FRA"]
[SourceTitle "CBM 211 Extra"]
[Source "ChessBase"]
[SourceDate "2023.01.31"]
[SourceVersion "1"]
[SourceVersionDate "2023.01.31"]
[SourceQuality "1"]

1. e4 c5 2. Nf3 e6 3. d4 cxd4 4. Nxd4 Nc6 5. Nc3 Qc7 6. Be3 a6 7. g4 h6 8. Qd2 Nf6 9. f3 Ne5 10. h4 Bb4 11. Bf4 d6 12. a3 Bxc3 13. Qxc3 Qxc3+ 14. bxc3 Bd7 15. Rb1 b5 16. h5 Rc8 17. Kd2 Nxf3+ 18. Nxf3 e5 19. Be3 Nxe4+ 20. Ke1 Nxc3 21. Rc1 Bxg4 22. Bg2 Na2 23. Rd1 Rxc2 24. Rd2 Rxd2 25. Kxd2 Ke7 26. Ra1 Be6 27. Ne1 Rc8 28. Bb7 Rc7 29. Bxa6 Nc3 30. Rc1 Ne4+ 31. Kd3 Rxc1 32. Bxc1 Nc5+ 0-1

[Event "EU-Cup 37th"]
[Site "Mayrhofen"]
[Date "2022.10.03"]
[Round "1.3"]
[White "Terekhov, Andrey"]
[Black "Bjugn, Gisle"]
[Result "1-0"]
[WhiteElo "2308"]
[BlackElo "1866"]
[PlyCount "75"]
[EventDate "2022.10.03"]
[EventType "team-swiss"]
[EventRounds "7"]
[EventCountry "AUT"]
[SourceTitle "CBM 210 Extra"]
[Source "ChessBase"]
[SourceDate "2022.11.30"]
[SourceVersion "1"]
[SourceVersionDate "2022.11.30"]
[SourceQuality "1"]
[WhiteTeam "Asnieres"]
[BlackTeam "Baerum"]
[WhiteTeamCountry "FRA"]
[BlackTeamCountry "NOR"]

1. d4 Nf6 2. c4 e6 3. g3 d5 4. Bg2 Bb4+ 5. Nd2 0-0 6. Ngf3 c5 7. dxc5 dxc4 8. 0-0 Qd5 9. Qc2 Bxd2 10. Bxd2 Nbd7 11. Bb4 a5 12. Ba3 Re8 13. Nd2 Qh5 14. Nxc4 Nd5 15. Bf3 Qg5 16. h4 Qf6 17. Rfd1 Ne5 18. Nxe5 Qxe5 19. Qa4 Rd8 20. e4 Bd7 21. Qd4 Qf6 22. Bg2 Nc7 23. e5 Qf5 24. Bxb7 Rab8 25. Be4 Qh5 26. c6 Be8 27. Qxd8 Rxd8 28. Rxd8 f5 29. Bg2 Kf7 30. Bd6 Nb5 31. c7 Nxc7 32. Bxc7 Ke7 33. Rb8 Kd7 34. Bxa5 f4 35. Rb7+ Kc8 36. Rc1+ Bc6 37. Bxc6 Qxe5 38. Bf3+ 1-0

[Event "Penang op 7th"]
[Site "Penang"]
[Date "2015.12.08"]
[Round "3"]
[White "Terekhov, Andrey"]
[Black "Nguyen, Van Huy"]
[Result "1/2-1/2"]
[WhiteElo "2291"]
[BlackElo "2465"]
[PlyCount "52"]
[EventDate "2015.12.07"]
[EventType "swiss"]
[EventRounds "9"]
[EventCountry "MAS"]
[SourceTitle "CBM 169 Extra"]
[Source "ChessBase"]
[SourceDate "2015.12.18"]
[SourceVersion "1"]
[SourceVersionDate "2015.12.18"]
[SourceQuality "1"]

1. c4 Nf6 2. Nc3 g6 3. d4 Bg7 4. g3 0-0 5. Bg2 d6 6. Nf3 c6 7. 0-0 Bf5 8. Ne1 e5 9. d5 cxd5 10. cxd5 Na6 11. e4 Bd7 12. Nd3 h5 13. Bg5 Kh7 14. Qd2 Qa5 15. h3 Ng8 16. Kh2 Bh6 17. Bxh6 Nxh6 18. f4 f6 19. Rf2 Qd8 20. Raf1 Qe7 21. Qe2 Nc7 22. f5 Ne8 23. fxg6+ Kxg6 24. Ne1 Ng7 25. Nf3 Kh7 26. Nh4 Rac8 1/2-1/2

[Event "Penang op 7th"]
[Site "Penang"]
[Date "2015.12.07"]
[Round "1"]
[White "Terekhov, Andrey"]
[Black "Chuah, Hao Feng"]
[Result "1-0"]
[WhiteElo "2291"]
[BlackElo "1827"]
[PlyCount "91"]
[EventDate "2015.12.07"]
[EventType "swiss"]
[EventRounds "9"]
[EventCountry "MAS"]
[SourceTitle "CBM 169 Extra"]
[Source "ChessBase"]
[SourceDate "2015.12.18"]
[SourceVersion "1"]
[SourceVersionDate "2015.12.18"]
[SourceQuality "1"]

1. d4 d5 2. c4 e6 3. Nc3 Nf6 4. cxd5 exd5 5. Bg5 Be7 6. e3 0-0 7. Bd3 c6 8. Qc2 Nbd7 9. Nge2 Re8 10. 0-0 Nf8 11. f3 Ng6 12. Rae1 h6 13. Bxh6 gxh6 14. Bxg6 fxg6 15. Qxg6+ Kh8 16. Qxh6+ Nh7 17. e4 Bg5 18. Qh5 Re6 19. f4 Rh6 20. Qf3 Bh4 21. Rd1 Be6 22. f5 dxe4 23. Qf4 Qg5 24. fxe6 Rg8 25. g3 Rxe6 26. Kh1 Rh6 27. Qxg5 Nxg5 28. gxh4 Rxh4 29. Rf4 Rh3 30. Ng1 Re3 31. Rg4 Kh7 32. Rg3 Rxg3 33. hxg3 Rf8 34. Kg2 Kg6 35. Re1 Re8 36. Nh3 Nxh3 37. Kxh3 e3 38. Kg4 Rd8 39. Ne2 Kf6 40. Kf3 Rd5 41. Kxe3 Rb5 42. b3 a5 43. Nc3 Rh5 44. Ne4+ Ke7 45. Re2 Rh3 46. Kf4 1-0

[Event "Nabokov Memorial-B 11th"]
[Site "Kiev"]
[Date "2013.05.13"]
[Round "8"]
[White "Terekhov, Andrey"]
[Black "Anwesh, Upadhyaya"]
[Result "1/2-1/2"]
[WhiteElo "2327"]
[BlackElo "2367"]
[PlyCount "80"]
[EventDate "2013.05.07"]
[EventType "tourn"]
[EventRounds "9"]
[EventCountry "UKR"]
[EventCategory "3"]
[SourceTitle "CBM 154 Extra"]
[Source "ChessBase"]
[SourceDate "2013.06.25"]
[SourceVersion "2"]
[SourceVersionDate "2013.06.25"]
[SourceQuality "1"]

1. d4 Nf6 2. c4 c6 3. Nf3 d5 4. e3 e6 5. b3 Nbd7 6. Bb2 Bd6 7. Bd3 0-0 8. Nbd2 Qe7 9. Ne5 Ba3 10. Bxa3 Qxa3 11. f4 c5 12. 0-0 cxd4 13. exd4 dxc4 14. Ndxc4 Qe7 15. Re1 Rd8 16. Qf3 Nb6 17. Rad1 Nbd5 18. Ne3 Nxe3 19. Rxe3 Qc7 20. Bc4 Rb8 21. Rc3 Qd6 22. f5 b5 23. Bf1 Bb7 24. Qh3 Qb6 25. fxe6 Qxe6 26. Qxe6 fxe6 27. Bxb5 Nd5 28. Rg3 Nf4 29. Bc4 Bd5 30. Rg4 Bxc4 31. Rxf4 Bd5 32. Rc1 Rbc8 33. Rc5 a5 34. Rf1 a4 35. Rfc1 Ra8 36. R5c3 axb3 37. axb3 Ra2 38. Nf3 g5 39. Rc8 Rxc8 40. Rxc8+ Kg7 1/2-1/2

[Event "Nabokov Memorial-B 11th"]
[Site "Kiev"]
[Date "2013.05.10"]
[Round "4"]
[White "Terekhov, Andrey"]
[Black "Kernazhitsky, Leonid"]
[Result "1-0"]
[WhiteElo "2327"]
[BlackElo "2305"]
[PlyCount "97"]
[EventDate "2013.05.07"]
[EventType "tourn"]
[EventRounds "9"]
[EventCountry "UKR"]
[EventCategory "3"]
[SourceTitle "CBM 154 Extra"]
[Source "ChessBase"]
[SourceDate "2013.06.25"]
[SourceVersion "2"]
[SourceVersionDate "2013.06.25"]
[SourceQuality "1"]

1. d4 d5 2. c4 c6 3. Nf3 Nf6 4. e3 Bg4 5. h3 Bh5 6. Nc3 e6 7. Qb3 Qb6 8. Ne5 Nfd7 9. Nxd7 Nxd7 10. c5 Qc7 11. e4 Be7 12. exd5 exd5 13. Be2 Bg6 14. 0-0 0-0 15. Bf3 Bf6 16. Ne2 b6 17. Bf4 Qb7 18. cxb6 axb6 19. Rac1 Rfe8 20. Be3 Nf8 21. Nf4 Be4 22. Bxe4 Rxe4 23. Rfd1 Bg5 24. Nxd5 cxd5 25. Bxg5 h6 26. Be3 Re7 27. a3 Ne6 28. Qb5 Nd8 29. Rc3 Ra5 30. Qd3 Qd7 31. Rdc1 Ra8 32. Qc2 Ne6 33. Rc8+ Re8 34. Rxa8 Rxa8 35. f4 g6 36. f5 gxf5 37. Qxf5 Kg7 38. Qg4+ Kh7 39. Qh5 Ra4 40. Rf1 Ng7 41. Qxh6+ Kg8 42. Bg5 Nf5 43. Qf6 Nd6 44. Bh6 Ne8 45. Qg5+ Kh7 46. Re1 f6 47. Qh5 Ra8 48. Bf8+ Kg8 49. Re7 1-0

[Event "Nabokov Memorial-B 11th"]
[Site "Kiev"]
[Date "2013.05.09"]
[Round "3"]
[White "Terekhov, Andrey"]
[Black "Grinev, Valeriy"]
[Result "0-1"]
[WhiteElo "2327"]
[BlackElo "2357"]
[PlyCount "156"]
[EventDate "2013.05.07"]
[EventType "tourn"]
[EventRounds "9"]
[EventCountry "UKR"]
[EventCategory "3"]
[SourceTitle "CBM 154 Extra"]
[Source "ChessBase"]
[SourceDate "2013.06.25"]
[SourceVersion "2"]
[SourceVersionDate "2013.06.25"]
[SourceQuality "1"]

1. d4 Nf6 2. c4 c5 3. d5 e6 4. Nc3 exd5 5. cxd5 d6 6. Nf3 g6 7. Bf4 a6 8. a4 Bg7 9. h3 0-0 10. e3 Re8 11. Nd2 Nbd7 12. Be2 Ne5 13. 0-0 Nfd7 14. Re1 f5 15. Bh2 g5 16. Kh1 Nf7 17. Qc2 Nf6 18. Bd3 g4 19. Bxf5 gxh3 20. gxh3 Nh6 21. e4 Nxf5 22. exf5 Rf8 23. Nc4 Ne8 24. Ne3 Qh4 25. Ne4 Bxf5 26. Nxf5 Rxf5 27. Ng3 Rf7 28. Kg2 Nc7 29. Qe4 Qf6 30. Re2 Re8 31. Qd3 Rxe2 32. Qxe2 Nxd5 33. Nh5 Qxb2 34. Qxb2 Bxb2 35. Rd1 Bd4 36. Bxd6 Rf5 37. Bxc5 Bxf2 38. Bxf2 Rxh5 39. Rb1 Rg5+ 40. Kf3 Rg7 41. Bd4 Rd7 42. Ke4 Kf7 43. Rf1+ Kg6 44. Rf8 Nb4 45. Rg8+ Kh5 46. Bf6 h6 47. Kf5 Nd5 48. Bd8 Ne3+ 49. Ke4 Nd1 50. Kf3 Rf7+ 51. Kg3 Nc3 52. a5 Ne4+ 53. Kg2 Rf2+ 54. Kg1 Rb2 55. Bb6 Nd2 56. Rg7 Nc4 57. Rxb7 Nxa5 58. Rc7 Rxb6 59. Rc5+ Kh4 60. Rxa5 Kxh3 61. Ra3+ Kg4 62. Ra4+ Kf3 63. Ra3+ Ke2 64. Kh2 Rg6 65. Ra5 Kd2 66. Kh3 Kc3 67. Ra1 Kb4 68. Rb1+ Kc5 69. Ra1 Kb6 70. Rb1+ Ka7 71. Ra1 Rg5 72. Rf1 a5 73. Rf7+ Kb6 74. Rf6+ Kb5 75. Rxh6 a4 76. Rh8 a3 77. Rb8+ Ka4 78. Ra8+ Ra5 0-1

[Event "Nabokov Memorial-B 11th"]
[Site "Kiev"]
[Date "2013.05.08"]
[Round "2"]
[White "Kozak, Leonid"]
[Black "Terekhov, Andrey"]
[Result "1/2-1/2"]
[WhiteElo "2309"]
[BlackElo "2327"]
[PlyCount "35"]
[EventDate "2013.05.07"]
[EventType "tourn"]
[EventRounds "9"]
[EventCountry "UKR"]
[EventCategory "3"]
[SourceTitle "CBM 154 Extra"]
[Source "ChessBase"]
[SourceDate "2013.06.25"]
[SourceVersion "2"]
[SourceVersionDate "2013.06.25"]
[SourceQuality "1"]

1. d4 d5 2. c4 e6 3. Nc3 Nf6 4. cxd5 exd5 5. Bg5 c6 6. Qc2 Be7 7. e3 Nbd7 8. Bd3 Nh5 9. Bxe7 Qxe7 10. 0-0-0 Nb6 11. h3 g6 12. Nf3 Ng7 13. g4 Be6 14. Kb1 0-0-0 15. Na4 Nxa4 16. Qxa4 Kb8 17. Rc1 Ne8 18. Rc3 1/2-1/2

[Event "Nabokov Memorial-B 10th"]
[Site "Kiev"]
[Date "2012.04.22"]
[Round "5"]
[White "Melnichuk, Mikhail"]
[Black "Terekhov, Andrey"]
[Result "1/2-1/2"]
[WhiteElo "2343"]
[BlackElo "2305"]
[PlyCount "48"]
[EventDate "2012.04.19"]
[EventType "tourn"]
[EventRounds "9"]
[EventCountry "UKR"]
[EventCategory "3"]
[SourceTitle "CBM 148 Extra"]
[Source "ChessBase"]
[SourceDate "2012.06.22"]
[SourceVersion "1"]
[SourceVersionDate "2012.06.22"]
[SourceQuality "1"]

1. Nf3 Nf6 2. c4 e6 3. Nc3 c5 4. g3 b6 5. Bg2 Bb7 6. 0-0 Be7 7. d4 cxd4 8. Qxd4 0-0 9. Bg5 Nc6 10. Qd2 Qb8 11. Rfd1 Rd8 12. Bf4 d6 13. b3 Rd7 14. h3 Qf8 15. e4 Rad8 16. Qe2 h6 17. Rac1 Rc8 18. Be3 Rdd8 19. Nd4 Nxd4 20. Bxd4 Nd7 21. Be3 Ba8 22. Bf4 a6 23. Na4 Bc6 24. Nc3 Nc5 1/2-1/2

[Event "Nabokov Memorial-B 10th"]
[Site "Kiev"]
[Date "2012.04.21"]
[Round "3"]
[White "Baltag, Iulian"]
[Black "Terekhov, Andrey"]
[Result "0-1"]
[WhiteElo "2420"]
[BlackElo "2305"]
[PlyCount "89"]
[EventDate "2012.04.19"]
[EventType "tourn"]
[EventRounds "9"]
[EventCountry "UKR"]
[EventCategory "3"]
[SourceTitle "CBM 148 Extra"]
[Source "ChessBase"]
[SourceDate "2012.06.22"]
[SourceVersion "1"]
[SourceVersionDate "2012.06.22"]
[SourceQuality "1"]

1. Nf3 d5 2. d4 e6 3. c4 Be7 4. Nc3 Nf6 5. Bf4 0-0 6. e3 c5 7. dxc5 Bxc5 8. Qc2 Nc6 9. 0-0-0 Qa5 10. a3 Be7 11. Nd2 a6 12. Nb3 Qb6 13. c5 Qa7 14. Bg3 b6 15. cxb6 Qxb6 16. Na4 Qa7 17. Kb1 Bb7 18. Bd3 Rfc8 19. Qe2 Nd7 20. Bc2 Bf6 21. e4 Nce5 22. f4 Nc4 23. e5 Be7 24. Bf2 Qb8 25. Qd3 Nf8 26. Ka2 Bc6 27. Nc3 a5 28. Rb1 Rc7 29. Nd4 Bd7 30. Ba4 Bxa4 31. Nxa4 Qe8 32. Qd1 Rb8 33. h4 Nd7 34. Rh3 Nc5 35. Nxc5 Bxc5 36. b3 Nxa3 37. Rc1 a4 38. b4 Nc4 39. Rxc4 dxc4 40. bxc5 Rcb7 41. Qd2 Qd8 42. Rc3 a3 43. Qe1 Rb2+ 44. Ka1 a2 45. Rc1 0-1

[Event "Kiev Independence Cup-A 10th"]
[Site "Kiev"]
[Date "2010.08.13"]
[Round "2"]
[White "Terekhov, Andrey"]
[Black "Gogol, Vladislav"]
[Result "1-0"]
[WhiteElo "2303"]
[BlackElo "1989"]
[PlyCount "59"]
[EventDate "2010.08.12"]
[EventType "swiss"]
[EventRounds "11"]
[EventCountry "UKR"]
[SourceTitle "CBM 138 Extra"]
[Source "ChessBase"]
[SourceDate "2010.10.29"]
[SourceVersion "1"]
[SourceVersionDate "2010.10.29"]
[SourceQuality "1"]

1. Nf3 Nf6 2. c4 c5 3. Nc3 e6 4. e4 d5 5. e5 d4 6. exf6 dxc3 7. bxc3 gxf6 8. d4 b6 9. g3 Bb7 10. Bg2 Bg7 11. 0-0 0-0 12. d5 Nd7 13. Nh4 f5 14. Qb3 Qf6 15. dxe6 Bxg2 16. exf7+ Rxf7 17. Nxg2 Qxc3 18. Rb1 Qxb3 19. axb3 Ne5 20. Nf4 Rd8 21. Kg2 Nd3 22. Nd5 h6 23. Rd1 Nxc1 24. Ne7+ Rxe7 25. Rxd8+ Kf7 26. Rxc1 Bd4 27. Kf3 Kf6 28. Rd6+ Kg5 29. h4+ Kh5 30. Rd1 1-0

[Event "Kiev Independence Cup-A 10th"]
[Site "Kiev"]
[Date "2010.08.12"]
[Round "1"]
[White "Sergienko, Vladislav"]
[Black "Terekhov, Andrey"]
[Result "1-0"]
[WhiteElo "2039"]
[BlackElo "2303"]
[PlyCount "61"]
[EventDate "2010.08.12"]
[EventType "swiss"]
[EventRounds "11"]
[EventCountry "UKR"]
[SourceTitle "CBM 138 Extra"]
[Source "ChessBase"]
[SourceDate "2010.10.29"]
[SourceVersion "1"]
[SourceVersionDate "2010.10.29"]
[SourceQuality "1"]

1. Nf3 Nf6 2. c4 g6 3. b4 Bg7 4. Bb2 0-0 5. e3 d6 6. Be2 e5 7. 0-0 e4 8. Nd4 c5 9. bxc5 dxc5 10. Nb3 Qe7 11. Nc3 b6 12. f3 Bb7 13. fxe4 Nxe4 14. Nd5 Bxd5 15. Bxg7 Kxg7 16. cxd5 Nd7 17. Qc2 f5 18. Rac1 Nef6 19. Qb2 Kh6 20. Rf3 Qe5 21. d4 Qxd5 22. Rh3+ Kg7 23. Bf3 Ne4 24. dxc5+ Rf6 25. Rd1 Qb7 26. g4 h6 27. gxf5 Re8 28. Qd4 Ndxc5 29. Nxc5 bxc5 30. Qd7+ Rf7 31. Qxe8 1-0

[Event "Oberliga Bayern 0910"]
[Site "Bayern"]
[Date "2009.12.13"]
[Round "4.1"]
[White "Terekhov, Andrey"]
[Black "Heika, Martin"]
[Result "1/2-1/2"]
[WhiteElo "2272"]
[BlackElo "2351"]
[PlyCount "45"]
[EventDate "2009.10.18"]
[EventType "team-tourn"]
[EventRounds "9"]
[EventCountry "GER"]
[SourceTitle "EXT 2011"]
[Source "ChessBase"]
[SourceDate "2010.11.26"]
[SourceVersion "1"]
[SourceVersionDate "2010.11.26"]
[SourceQuality "1"]
[WhiteTeam "Bayern Muenchen II"]
[BlackTeam "Regensburg Fortuna"]
[WhiteTeamCountry "GER"]
[BlackTeamCountry "GER"]

1. d4 e6 2. Nf3 Nf6 3. c4 b6 4. a3 Bb7 5. Nc3 d5 6. cxd5 Nxd5 7. Qc2 Nxc3 8. bxc3 Nd7 9. e4 Be7 10. Bd3 c5 11. 0-0 0-0 12. Qe2 Qc7 13. e5 Rfd8 14. Be3 Rac8 15. Nd2 Nf8 16. f4 f5 17. exf6 Bxf6 18. dxc5 Bxc3 19. cxb6 Qd6 20. Be4 Bxd2 21. Bxb7 Bxe3+ 22. Qxe3 Rb8 23. Bf3 1/2-1/2